000 00754nam a2200229Ia 4500
003 OSt
005 20220926022312.0
006 a|||||r|||| 00| 0
007 ta
008 220923b |||||||| |||| 00| 0 eng d
037 _cGeneral Book
040 _aRTL
_cRTL
_beng
041 _2eng
_aeng
082 _aV1N45,93:3.N69<--N68r, K9.1/UN
110 _aUnited Nations, Economic and social council
245 0 _aEconomic commission for Africa
_b Annual deport, 1 mar 1968-14 feb 1969
260 _aNew York
_bUnited Nations Publication
_c1969
300 _axi;260p
_ccm.
700 _aUnited Nations, Economic and social council
942 _hV1N45,93:3.N69<--N68r, K9.1/UN
_cGB
_2CC
999 _c639155
_d639155